000 00569nam a2200205Ia 4500
003 GCL
008 140319s9999 xx 000 0 ara d
040 _aGCL /
_cGCL
082 0 4 _aط
_b813.088
_bا ق
100 1 _aاحمد بهجت
245 1 0 _aسبيل الكرم /
_cاحمد بهجت
700 1 _aمصطفى حسين
260 _a[S.N] :
_bدار الشروق ،
_c1993
300 _a16 ص
490 _aقصص القران
_v0
650 0 4 _aالاطفال
650 0 4 _aقصص الاطفال
650 0 4 _aالقصص القرآنية
942 _2ddc
_cBK
999 _c58074
_d58074